[Event "Steinfurt Bezirksklasse 1112"]
[Site "Germany"]
[Date "2012.01.28"]
[Round "5.7"]
[White "Meyer, Til Fabian"]
[Black "Kreft, Sebastian"]
[Result "1-0"]
[WhiteElo "924"]
[BlackElo "736"]
[PlyCount "67"]
[EventDate "2011.09.24"]
[EventType "team-tourn"]
[EventRounds "9"]
[EventCountry "GER"]
[SourceTitle "EXT 2013"]
[Source "ChessBase"]
[SourceDate "2012.11.22"]
[SourceVersion "1"]
[SourceVersionDate "2012.11.22"]
[SourceQuality "1"]
[WhiteTeam "Westerkappeln II"]
[BlackTeam "Steinfurt IV"]
[WhiteTeamCountry "GER"]
[BlackTeamCountry "GER"]

1. e4 e5 2. g3 Nf6 3. Bg2 Bc5 4. Ne2 d6 5. 0-0 Bg4 6. Nbc3 Nc6 7. Nd5 Nd4 8. Re1 Qd7 9. c3 Nf3+ 10. Bxf3 Bxf3 11. Qc2 Qh3 12. Ndf4 exf4 13. Nxf4 Qg4 14. d4 Bb6 15. Qa4+ Nd7 16. h3 Qg5 17. Ne6 Qg6 18. Nf4 Qg5 19. Nd5 Qh5 20. Kh2 Bg4 21. Nf4 Qh6 22. h4 0-0-0 23. Nd5 Qe6 24. Nxb6+ Nxb6 25. Qxa7 Qf6 26. f4 Rhe8 27. e5 dxe5 28. dxe5 Qc6 29. Be3 Qf3 30. Bxb6 Qf2+ 31. Bxf2 Rd2 32. Kg1 Rxb2 33. Rad1 Rc2 34. Qa8# 1-0

[Event "Steinfurt Bezirksklasse 1011"]
[Site "Germany"]
[Date "2011.03.19"]
[Round "8.8"]
[White "Sandmann, Guenter"]
[Black "Meyer, Til Fabian"]
[Result "1-0"]
[WhiteElo "1308"]
[BlackElo "812"]
[PlyCount "89"]
[EventDate "2010.09.25"]
[EventType "team-tourn"]
[EventRounds "9"]
[EventCountry "GER"]
[SourceTitle "EXT 2012"]
[Source "ChessBase"]
[SourceDate "2011.11.24"]
[SourceVersion "1"]
[SourceVersionDate "2011.11.24"]
[SourceQuality "1"]
[WhiteTeam "Nordwalde II"]
[BlackTeam "Westerkappeln II"]
[WhiteTeamCountry "GER"]
[BlackTeamCountry "GER"]

1. d4 e5 2. c3 Nc6 3. Qd3 Nf6 4. Nd2 d5 5. f3 g6 6. e3 exd4 7. exd4 Bf5 8. Qe3+ Qe7 9. Nb3 h5 10. Nc5 Bh6 11. Qxe7+ Nxe7 12. b3 Nd7 13. Nxb7 g5 14. Ba3 g4 15. Be2 Bc2 16. fxg4 hxg4 17. Bxg4 Nf6 18. Bf3 0-0 19. Bxe7 Rfe8 20. Ne2 Rxe7 21. 0-0 Be3+ 22. Kh1 Bd3 23. Nc5 Be4 24. Bxe4 Nxe4 25. Nxe4 Rxe4 26. Rf3 Kg7 27. Re1 Rh8 28. Ng3 Rhh4 29. Nf5+ Kg8 30. Nxh4 Rxh4 31. Rexe3 Kg7 32. h3 Kg6 33. Re7 f5 34. Rxc7 Re4 35. b4 Kg5 36. Rxa7 f4 37. Rg7+ Kf5 38. g3 Re1+ 39. Kg2 Re2+ 40. Rf2 Rxf2+ 41. Kxf2 fxg3+ 42. Kxg3 Ke4 43. Kf2 Kd3 44. Rg3+ Kc4 45. h4 1-0

[Event "Steinfurt Bezirksklasse 1011"]
[Site "Germany"]
[Date "2010.09.25"]
[Round "1.8"]
[White "Meyer, Til Fabian"]
[Black "Sperling, Rainer"]
[Result "0-1"]
[WhiteElo "812"]
[BlackElo "1470"]
[PlyCount "30"]
[EventDate "2010.09.25"]
[EventType "team-tourn"]
[EventRounds "9"]
[EventCountry "GER"]
[SourceTitle "EXT 2012"]
[Source "ChessBase"]
[SourceDate "2011.11.24"]
[SourceVersion "1"]
[SourceVersionDate "2011.11.24"]
[SourceQuality "1"]
[WhiteTeam "Westerkappeln II"]
[BlackTeam "Reckenfeld II"]
[WhiteTeamCountry "GER"]
[BlackTeamCountry "GER"]

1. e4 e5 2. Qh5 Nc6 3. Qf3 Nd4 4. Qc3 Nf6 5. Nf3 Nxe4 6. Qd3 Nc5 7. Qc4 b5 8. Qd5 Nxf3+ 9. Qxf3 c6 10. Bxb5 e4 11. Qf4 cxb5 12. 0-0 d5 13. f3 Bd6 14. Qe3 Qh4 15. Qf2 Qxh2# 0-1